[Event "ROM-ch U10"]
[Site "Baile Felix"]
[Date "2017.02.08"]
[Round "8"]
[White "Balan, Octavian"]
[Black "Caea, Lucas Daniel"]
[Result "1/2-1/2"]
[WhiteElo "1229"]
[BlackElo "1306"]
[PlyCount "40"]
[EventDate "2017.02.02"]
[EventType "swiss"]
[EventRounds "9"]
[EventCountry "ROU"]
[SourceTitle "CBM 176 Extra"]
[Source "ChessBase"]
[SourceDate "2017.03.02"]
[SourceVersion "1"]
[SourceVersionDate "2017.03.02"]
[SourceQuality "1"]

1. c4 b6 2. d4 Bb7 3. Nc3 e6 4. Nf3 Bxf3 5. gxf3 Bb4 6. e4 Bxc3+ 7. bxc3 Ne7 8. Rg1 Ng6 9. h4 Qxh4 10. Bg5 Qh2 11. Rg2 Qd6 12. e5 Qf8 13. Rb1 h6 14. Be3 Qe7 15. Bd3 Qh4 16. Ke2 Rf8 17. Bxg6 fxg6 18. Rxg6 Qe7 19. Qb3 Qf7 20. Rbg1 Qxf3+ 1/2-1/2

[Event "ROM-ch U10"]
[Site "Baile Felix"]
[Date "2017.02.05"]
[Round "5"]
[White "Caea, Lucas Daniel"]
[Black "Pataki, Dragos Ioan"]
[Result "1/2-1/2"]
[WhiteElo "1306"]
[BlackElo "1061"]
[PlyCount "96"]
[EventDate "2017.02.02"]
[EventType "swiss"]
[EventRounds "9"]
[EventCountry "ROU"]
[SourceTitle "CBM 176 Extra"]
[Source "ChessBase"]
[SourceDate "2017.03.02"]
[SourceVersion "1"]
[SourceVersionDate "2017.03.02"]
[SourceQuality "1"]

1. e4 c5 2. Nf3 d6 3. Bb5+ Nc6 4. Bxc6+ bxc6 5. 0-0 Bg4 6. h3 Bh5 7. b3 Qc7 8. Bb2 e5 9. d3 Nf6 10. Nbd2 Be7 11. Qe1 0-0 12. Nh2 Rad8 13. Ndf3 Bxf3 14. Nxf3 h6 15. Bc3 Rc8 16. Rd1 Rfe8 17. Qd2 Nd7 18. Ba5 Qb8 19. c4 Nb6 20. Bxb6 axb6 21. Nh2 b5 22. Ng4 bxc4 23. dxc4 Rcd8 24. Qc2 Rd7 25. Ne3 Bg5 26. Rd3 Bxe3 27. Rxe3 Red8 28. Rd1 d5 29. Red3 d4 30. Rg3 Rd6 31. Rdd3 Rf6 32. Rdf3 Rxf3 33. Rxf3 Qd6 34. Rd3 Qg6 35. Qe2 f6 36. Qg4 Qxg4 37. hxg4 Ra8 38. a4 Ra5 39. Kf1 Kf7 40. Ke2 Kg6 41. Kf3 Kf7 42. Ke2 g5 43. f3 Ke7 44. Kd2 Kd7 45. Kc2 Ra8 46. Rd1 Kc7 47. Kb2 Kb6 48. Ka3 Ka5 1/2-1/2

[Event "ROM-ch U10"]
[Site "Baile Felix"]
[Date "2017.02.04"]
[Round "3"]
[White "Caea, Lucas Daniel"]
[Black "Milos, Gabriel Matei"]
[Result "1/2-1/2"]
[WhiteElo "1306"]
[BlackElo "1157"]
[PlyCount "57"]
[EventDate "2017.02.02"]
[EventType "swiss"]
[EventRounds "9"]
[EventCountry "ROU"]
[SourceTitle "CBM 176 Extra"]
[Source "ChessBase"]
[SourceDate "2017.03.02"]
[SourceVersion "1"]
[SourceVersionDate "2017.03.02"]
[SourceQuality "1"]

1. e4 c5 2. Nf3 d6 3. Bb5+ Bd7 4. Bxd7+ Nxd7 5. 0-0 Ngf6 6. Nc3 g6 7. d3 Bg7 8. Bg5 0-0 9. Qd2 Qb6 10. Rab1 a6 11. Bh6 Rfe8 12. Bxg7 Kxg7 13. Rfe1 Rad8 14. Na4 Qc6 15. Nc3 e6 16. d4 cxd4 17. Nxd4 Qc5 18. Nb3 Qc7 19. Rbd1 Ne5 20. Qc1 d5 21. exd5 exd5 22. Nd4 Nc6 23. Rxe8 Rxe8 24. Nxc6 Qxc6 25. h3 Ne4 26. Nxe4 dxe4 27. c3 Qb6 28. Rd4 Qe6 29. b3 1/2-1/2

[Event "ROM-ch U10"]
[Site "Baile Felix"]
[Date "2017.02.03"]
[Round "2"]
[White "Stan, Vlad Stefan G"]
[Black "Caea, Lucas Daniel"]
[Result "0-1"]
[WhiteElo "1070"]
[BlackElo "1306"]
[PlyCount "114"]
[EventDate "2017.02.02"]
[EventType "swiss"]
[EventRounds "9"]
[EventCountry "ROU"]
[SourceTitle "CBM 176 Extra"]
[Source "ChessBase"]
[SourceDate "2017.03.02"]
[SourceVersion "1"]
[SourceVersionDate "2017.03.02"]
[SourceQuality "1"]

1. e4 Nc6 2. f4 e5 3. f5 Nf6 4. Nc3 Bb4 5. Nd5 Nxd5 6. exd5 Ne7 7. Qe2 d6 8. c3 Bc5 9. b4 Bxg1 10. Rxg1 Bxf5 11. Qf3 0-0 12. Bb5 c6 13. dxc6 Qb6 14. Qf1 bxc6 15. Bc4 d5 16. Bb3 Ng6 17. a4 a5 18. b5 Bd3 19. Qf2 Qxf2+ 20. Kxf2 cxb5 21. Bxd5 Rad8 22. Bc6 Rb8 23. axb5 Bxb5 24. Bxb5 Rxb5 25. Re1 Nf4 26. Kg1 Nd3 27. Re3 Rd8 28. Kf1 Nxc1 29. Rxc1 Rxd2 30. c4 Rc5 31. Rb3 g6 32. Rb5 Rxb5 33. cxb5 Rb2 34. Rc5 f6 35. Rc8+ Kg7 36. Rc7+ Kh6 37. Rc6 Rxb5 38. Rxf6 Kg5 39. Rf7 h5 40. g3 Rb1+ 41. Kg2 a4 42. h4+ Kh6 43. Ra7 Ra1 44. Ra5 a3 45. Rxe5 a2 46. Ra5 Kg7 47. Ra7+ Kf6 48. Ra3 Ke5 49. Kf2 Kd4 50. Ke2 Kc4 51. Kd2 Rg1 52. Rc3+ Kb4 53. Rc1 Rxc1 54. Kxc1 a1Q+ 55. Kc2 Qc3+ 56. Kb1 Kb3 57. g4 Qb2# 0-1

[Event "ROM-ch U10"]
[Site "Calimanesti Caciulata"]
[Date "2016.04.21"]
[Round "5"]
[White "Simion, Gabriel Serban"]
[Black "Caea, Lucas Daniel"]
[Result "0-1"]
[WhiteElo "1096"]
[BlackElo "1494"]
[PlyCount "134"]
[EventDate "2016.04.18"]
[EventType "swiss"]
[EventRounds "9"]
[EventCountry "ROU"]
[SourceTitle "CBM 172 Extra"]
[Source "ChessBase"]
[SourceDate "2016.06.21"]
[SourceVersion "1"]
[SourceVersionDate "2016.06.21"]
[SourceQuality "1"]

1. e4 e5 2. Nf3 Nc6 3. Nc3 Nf6 4. Bc4 Bb4 5. d3 h6 6. 0-0 d6 7. h3 0-0 8. Bd2 Be6 9. Bxe6 fxe6 10. Ne2 Bxd2 11. Qxd2 d5 12. exd5 exd5 13. Qe3 Re8 14. Qc5 Qd7 15. c4 b6 16. Qb5 a6 17. Qb3 Na5 18. Qc2 dxc4 19. Rfd1 cxd3 20. Rxd3 Qc8 21. Rc3 c5 22. Qg6 Qe6 23. Nh4 Qf7 24. Qxf7+ Kxf7 25. Nf5 Kg8 26. Rg3 Nh5 27. Rg4 Kh7 28. Neg3 g6 29. Nxh5 gxh5 30. Rg7+ Kh8 31. Rg6 b5 32. Rxh6+ Kg8 33. Rxh5 Nc4 34. b3 Nb6 35. Rg5+ Kh7 36. Rg7+ Kh8 37. Rg6 Nd5 38. Nd6 Re7 39. Rh6+ Kg8 40. Rg6+ Kh8 41. Rd1 Nf4 42. Rg5 Ne6 43. Rxe5 Rf8 44. Rde1 Rf6 45. Kh2 Rg6 46. g4 Nd4 47. Rh5+ Rh7 48. Rxh7+ Kxh7 49. Re7+ Kg8 50. Re8+ Kg7 51. Nf5+ Nxf5 52. gxf5 Rf6 53. Re5 Rc6 54. Re4 Kf6 55. Rf4 c4 56. Kg3 c3 57. Rh4 Kxf5 58. Rf4+ Ke5 59. Rh4 c2 60. Rh5+ Kd4 61. Rh4+ Kd3 62. Rh8 c1Q 63. Rd8+ Ke2 64. Re8+ Kf1 65. h4 Rg6+ 66. Kh2 Qf4+ 67. Kh1 Rg1# 0-1

[Event "ROM-ch U08"]
[Site "Calimanesti"]
[Date "2015.04.06"]
[Round "9"]
[White "Caea, Lucas Daniel"]
[Black "Suchar, Alexandru"]
[Result "0-1"]
[WhiteElo "1303"]
[BlackElo "1199"]
[PlyCount "84"]
[EventDate "2015.03.30"]
[EventType "swiss"]
[EventRounds "9"]
[EventCountry "ROU"]
[SourceTitle "CBM 165 Extra"]
[Source "ChessBase"]
[SourceDate "2015.04.21"]
[SourceVersion "1"]
[SourceVersionDate "2015.04.21"]
[SourceQuality "1"]

1. e4 c5 2. Nf3 e6 3. d4 cxd4 4. Nxd4 Nf6 5. Nc3 d6 6. Bg5 Be7 7. Bc4 Nxe4 8. Bxe7 Nxc3 9. Bxd8 Nxd1 10. Rxd1 Kxd8 11. 0-0 d5 12. Bb3 Nd7 13. Rfe1 Nf6 14. Nb5 a6 15. Nd6 Ke7 16. Nxc8+ Raxc8 17. c3 Rcd8 18. c4 dxc4 19. Bxc4 Rxd1 20. Rxd1 b5 21. Bb3 a5 22. a3 a4 23. Ba2 Rc8 24. Bb1 h6 25. h3 g5 26. Bd3 Rd8 27. f3 Ne8 28. Kf2 Nc7 29. Ke2 f5 30. Ke1 f4 31. Bf1 Rxd1+ 32. Kxd1 Kd6 33. Kd2 Kd5 34. Kc2 Kd4 35. Kd2 e5 36. Bd3 h5 37. Ke2 Kc5 38. Bg6 h4 39. Bd3 b4 40. Kd2 Nd5 41. Be4 Ne3 42. axb4+ Kxb4 0-1

[Event "ROM-ch U08"]
[Site "Calimanesti"]
[Date "2015.04.04"]
[Round "7"]
[White "Caea, Lucas Daniel"]
[Black "Sabarez, Iulian"]
[Result "1-0"]
[WhiteElo "1303"]
[BlackElo "1466"]
[PlyCount "89"]
[EventDate "2015.03.30"]
[EventType "swiss"]
[EventRounds "9"]
[EventCountry "ROU"]
[SourceTitle "CBM 165 Extra"]
[Source "ChessBase"]
[SourceDate "2015.04.21"]
[SourceVersion "1"]
[SourceVersionDate "2015.04.21"]
[SourceQuality "1"]

1. e4 e5 2. Nf3 Nc6 3. Bc4 Be7 4. d4 d6 5. dxe5 dxe5 6. Qxd8+ Bxd8 7. Nc3 Nb4 8. Kd1 Nc6 9. Be3 h6 10. Ke2 Nf6 11. Bb5 Bd7 12. Rad1 Ng4 13. Bc5 Nf6 14. Rd2 a6 15. Ba4 b5 16. Bb3 b4 17. Nd1 Nxe4 18. Rd5 Be6 19. Nxe5 Bxd5 20. Bxd5 Nxe5 21. Bxa8 Nxc5 22. f4 Nc4 23. Bc6+ Ke7 24. Bd5 Nd6 25. Nf2 Re8 26. Kf3 Kf8 27. Bc6 h5 28. Bxe8 Nxe8 29. Rd1 Nd6 30. Rd5 Bf6 31. Rxc5 Bxb2 32. Rxc7 Nb5 33. Rc8+ Ke7 34. Ra8 Nd4+ 35. Ke4 Ne6 36. f5 Nc7 37. Ra7 Kd8 38. Nd3 Bc3 39. Ne5 f6 40. Nf7+ Kc8 41. Nd6+ Kb8 42. Rb7+ Ka8 43. Rxc7 Be5 44. Rd7 Kb8 45. Nf7 1-0